Catálogo

Vista normal Vista MARC

Entrada Personal Name

Número de registros utilizados en: 1

001 - CONTROL NUMBER

  • control field: 14807

003 - CONTROL NUMBER IDENTIFIER

  • control field: DLC

005 - DATE AND TIME OF LATEST TRANSACTION

  • control field: 20230907143605.0

008 - FIXED-LENGTH DATA ELEMENTS

  • fixed length control field: 160404n| azannaabn |a aaa

010 ## - LIBRARY OF CONGRESS CONTROL NUMBER

  • LC control number: n 2016018141

035 ## - SYSTEM CONTROL NUMBER

  • System control number: (OCoLC)oca10437616

040 ## - CATALOGING SOURCE

  • Original cataloging agency: DLC
  • Language of cataloging: spa
  • Description conventions: rda
  • Transcribing agency: Mx-PuUPA
  • Modifying agency: DLC
  • Modifying agency: HU
  • Modifying agency: Mx-PuUPA

100 1# - HEADING--PERSONAL NAME

  • Personal name: Wiedenhoft Murphy, Wendy A.,

374 ## - OCCUPATION

  • Occupation: Autor

375 ## - GENDER

  • Gender: mujer

377 ## - ASSOCIATED LANGUAGE

  • Language code: eng

400 1# - SEE FROM TRACING--PERSONAL NAME

  • Personal name: Murphy, Wendy A. Wiedenhoft

400 1# - SEE FROM TRACING--PERSONAL NAME

  • Control subfield: nne
  • Personal name: Wiedenhoft, Wendy A.

670 ## - SOURCE DATA FOUND

  • Source citation: Consumer culture and society, 2017:
  • Information found: ECIP t.p. (Wendy A. Wiedenhoft Murphy) data view screen (Associate Professor of Sociology at John Carroll University; doctorate from the University of Maryland)